000 00312 a2200157 4500
001 73751
020 _a
040 _cAnchieta - Colégio São Paulo
100 _aLeão Edinara
240 1 0 _aLimiar
_lpor
245 1 0 _aLimiar
300 _a84
362 0 _a2006
650 4 _aPoesia brasileira
942 _cBK
999 _c73751
_d73751